[Event "ch-IND"]
[Site "New Delhi IND"]
[Date "2001.06.09"]
[Round "16"]
[White "Sasikiran,K"]
[Black "Lahiri,A"]
[Result "1-0"]
[WhiteElo "2611"]
[BlackElo "2391"]

1.d4 Nf6 2.c4 e6 3.Nc3 Bb4 4.Qc2 c5 5.dxc5 Na6 6.Nf3 Nxc5 7.Bd2 O-O 8.e3 b6
9.Be2 Bb7 10.O-O Nce4 11.Nxe4 Bxe4 12.Qd1 Qe7 13.Nd4 Bb7 14.a3 Bxd2 15.Qxd2 d5
16.cxd5 Nxd5 17.e4 Nc7 18.Rac1 Rfd8 19.Qe3 Rd7 20.Nc6 Bxc6 21.Rxc6 e5 22.Bg4 Ne6
23.Bxe6 fxe6 24.h3 Rad8 25.Qg3 Qf6 26.Qg4 Rd6 27.Rfc1 h6 28.b4 Rxc6 29.Rxc6 Re8
30.h4 Re7 31.h5 Kh7 32.Rc8 Rf7 33.f3 Re7 34.a4 Qf7 35.a5 bxa5 36.bxa5 Rb7
37.Rc6 Re7 38.Rc5 Qf6 39.Qg3 Rb7 40.Rxe5 Rb1+ 41.Kh2 Ra1 42.Qg6+ Qxg6 43.hxg6+ Kxg6
44.Rxe6+ Kg5 45.Ra6 Kf4 46.Rxa7 g5 47.a6  1-0

[Event "ch-IND"]
[Site "New Delhi IND"]
[Date "2001.06.10"]
[Round "17"]
[White "Konguvel,P"]
[Black "Sasikiran,K"]
[Result "0-1"]
[WhiteElo "2383"]
[BlackElo "2611"]

1.e4 e5 2.Nf3 Nc6 3.Bb5 a6 4.Ba4 Nf6 5.O-O Be7 6.Re1 b5 7.Bb3 d6 8.c3 O-O
9.h3 Nb8 10.d4 Nbd7 11.Nbd2 Bb7 12.Bc2 Re8 13.Nf1 Bf8 14.Ng3 c5 15.d5 c4
16.Bg5 Qc7 17.Nf5 Reb8 18.g4 Bc8 19.Qd2 Ne8 20.Be3 Nc5 21.b4 cxb3 22.axb3 a5
23.b4 axb4 24.cxb4 Na4 25.Bd3 Bd7 26.Rec1 Qb7 27.Qe1 Nb2 28.Qe2 Nxd3 29.Qxd3 Rxa1
30.Rxa1 Ra8 31.Rxa8 Qxa8 32.Ng3 g6 33.Nd2 Be7 34.Ne2 f5 35.gxf5 gxf5 36.exf5 Nf6
37.Ne4 Nxd5 38.f6 Nxf6 39.Nxf6+ Bxf6 40.Qxd6 Bxh3 41.f3 Qxf3 42.Qb8+ Kf7  0-1

[Event "Czech Open"]
[Site "Pardubice CZE"]
[Date "2001.07.21"]
[Round "2"]
[White "Sasikiran,K"]
[Black "Pisk,P"]
[Result "1-0"]
[WhiteElo "2589"]
[BlackElo "2372"]

1.Nf3 c5 2.g3 Nc6 3.Bg2 e5 4.O-O g6 5.c4 Bg7 6.Nc3 Nge7 7.d3 O-O 8.a3 d6
9.Rb1 a5 10.Bd2 Rb8 11.Qc1 Be6 12.Ng5 Bf5 13.Nb5 b6 14.b4 axb4 15.axb4 Nxb4
16.Bxb4 cxb4 17.Ne4 Bxe4 18.Bxe4 d5 19.Bg2 Rc8 20.Rxb4 Nc6 21.Ra4 dxc4 22.Bxc6 Rxc6
23.Rxc4 Rxc4 24.Qxc4 Qg5 25.Rb1 Bf6 26.Nc3 Bd8 27.Nd5 Qd2 28.e3 Qa5 29.Rb5 Qa7
30.Qc6 Qa3 31.Qc4 Qa7 32.Qb3 Qa1+ 33.Kg2 Qa8 34.e4 Qa1 35.Qc4 Qa7 36.Ne3 Qb8
37.Qc3 Bc7 38.Nd5 Bd8 39.Qc6 Kg7 40.Rb4 Rg8 41.Ra4 Bg5 42.Nxb6 Qd8 43.Nd7  1-0

[Event "Czech Open"]
[Site "Pardubice CZE"]
[Date "2001.07.23"]
[Round "4"]
[White "Sasikiran,K"]
[Black "Solovjov,S"]
[Result "1/2-1/2"]
[WhiteElo "2589"]
[BlackElo "2434"]

1.Nf3 d5 2.d4 c6 3.c4 e6 4.e3 Nf6 5.Bd3 Nbd7 6.O-O dxc4 7.Bxc4 b5 8.Bd3 Bb7
9.e4 a6 10.a4 Be7 11.axb5 axb5 12.Rxa8 Qxa8 13.Bg5 h6 14.Bh4 O-O 15.Nbd2 Rd8
16.Bb1 Qa4 17.Qe2 b4 18.Rc1 c5 19.e5 Bxf3 20.Nxf3 Nd5 21.Qe4 Nb8 22.dxc5 Bxh4
23.Qxh4 Ne7 24.Rf1 Nec6 25.Be4 Rc8 26.Bxc6 Rxc6 27.Qd4 Qc2 28.Qxb4 Rxc5 29.h3 Rc4
30.Qb5 Rc5 31.Qb7 Rc7 32.Qb5 Rc8 33.Qb6 Rc6 34.Qb5 Rc5 35.Qb7 Rc7 36.Qb4 Rc4
37.Qa3  1/2-1/2

[Event "Czech Open"]
[Site "Pardubice CZE"]
[Date "2001.07.25"]
[Round "6"]
[White "Sasikiran,K"]
[Black "Berger,Stev"]
[Result "1-0"]
[WhiteElo "2589"]
[BlackElo "2311"]

1.d4 g6 2.c4 Bg7 3.Nc3 d6 4.e4 Nc6 5.Be3 e5 6.d5 Nce7 7.g4 f5 8.gxf5 gxf5
9.Qh5+ Kf8 10.Bh3 Nf6 11.Qf3 f4 12.Bd2 Ng6 13.Bxc8 Qxc8 14.Qd3 Qg4 15.Nf3 Nh4
16.Nxh4 Qxh4 17.Ke2 Kf7 18.Rag1 a6 19.c5 Rhd8 20.c6 bxc6 21.dxc6 d5 22.exd5 e4
23.Qc4 Rd6 24.Kd1 Re8 25.Kc1 Bh6 26.Re1 f3 27.Bxh6 Qxh6+ 28.Kb1 e3 29.fxe3 Rxe3
30.Rd1 Qg6+ 31.Ka1 Qf5 32.a3 Ng4 33.Rd4 Ne5 34.Qa4 Ng6 35.Rf1 f2 36.Re4 Rf3
37.Re2 Rf6 38.Ne4 Qe5 39.d6 Nf8 40.dxc7  1-0

[Event "Czech Open"]
[Site "Pardubice CZE"]
[Date "2001.07.26"]
[Round "7"]
[White "Haba,P"]
[Black "Sasikiran,K"]
[Result "1/2-1/2"]
[WhiteElo "2482"]
[BlackElo "2589"]

1.d4 d5 2.c4 c6 3.Nf3 Nf6 4.Nc3 dxc4 5.a4 Bf5 6.Ne5 Nbd7 7.Nxc4 Qc7 8.g3 e5
9.dxe5 Nxe5 10.Bf4 Nfd7 11.Bg2 f6 12.Qc1 Be6 13.Nxe5 fxe5 14.Be3 Qa5 15.O-O Be7
16.Ne4 O-O 17.Ng5 Bd5 18.Bh3 Bxg5 19.Bxg5 Nf6 20.Be3 Qc7 21.Bc5 Rfe8 22.f3 b6
23.Bf2 Qf7 24.e4 Bc4 25.Re1 Rad8 26.a5 c5 27.axb6 axb6 28.b4 cxb4 29.Bxb6 Ra8
30.Rxa8 Rxa8 31.Qb2 Be6 32.Bxe6 Qxe6 33.Bc7 Qc4 34.Bxe5 Nd7 35.Bd4 b3 36.Rb1 Ra4
37.Bxg7 Qc5+ 38.Kh1 Qe3 39.Qc3 Rxe4 40.Qc8+ Re8 41.Qc3 Qxc3 42.Bxc3 Re3 43.Rxb3 Rxf3  1/2-1/2

[Event "Czech Open"]
[Site "Pardubice CZE"]
[Date "2001.07.27"]
[Round "8"]
[White "Sasikiran,K"]
[Black "Meister,Y"]
[Result "1-0"]
[WhiteElo "2589"]
[BlackElo "2461"]

1.d4 d5 2.c4 e6 3.Nc3 Bb4 4.a3 Bxc3+ 5.bxc3 c5 6.cxd5 exd5 7.e3 Ne7 8.Bd3 c4
9.Bc2 Bf5 10.Ne2 Qd7 11.Ng3 Bxc2 12.Qxc2 h5 13.h4 Nbc6 14.a4 O-O-O 15.a5 Qg4
16.a6 b6 17.Rh3 Rd6 18.f3 Qd7 19.Kf2 f6 20.Ba3 Re6 21.Re1 Nb8 22.Bxe7 Rxe7
23.Nf5 Re6 24.Rg3 Rg8 25.e4 Nxa6 26.exd5 Rxe1 27.Kxe1 Re8+ 28.Kf2 Qxd5 29.Rxg7 Kb8
30.Ne7 Rxe7 31.Rxe7 Nc7 32.Qh7 Qd6 33.Rxc7  1-0

[Event "Czech Open"]
[Site "Pardubice CZE"]
[Date "2001.07.28"]
[Round "9"]
[White "Vokac,M"]
[Black "Sasikiran,K"]
[Result "1/2-1/2"]
[WhiteElo "2507"]
[BlackElo "2589"]

1.d4 d5 2.Nf3 Nf6 3.c4 c6 4.Nc3 dxc4 5.a4 Bf5 6.Ne5 Nbd7 7.Nxc4 Qc7 8.g3 e5
9.dxe5 Nxe5 10.Bf4 Nfd7 11.Bg2 f6 12.O-O Nc5 13.Bxe5 fxe5 14.Ne3 Rd8 15.Ncd5 Qf7
16.Nxf5 cxd5 17.Qc2 g6 18.Ne3 d4 19.Nc4 Qe6 20.b4 Nd7 21.Na5 Bxb4 22.Nxb7 Rb8
23.Rab1 a5 24.Nxa5 Bxa5 25.Rxb8+ Nxb8 26.Rb1 Na6 27.Rb5 Bc3 28.Bd5 Qf6 29.Qb3 Rf8
30.Rb8+ Nxb8 31.Qxb8+ Kd7 32.Qb7+ Kd8 33.Qb8+  1/2-1/2

[Event "FIDE WCh KO"]
[Site "Moscow RUS"]
[Date "2001.11.27"]
[Round "1.1"]
[White "Sasikiran,K"]
[Black "Eingorn,V"]
[Result "1/2-1/2"]
[WhiteElo "2569"]
[BlackElo "2601"]

1.d4 e6 2.c4 Bb4+ 3.Nd2 Nf6 4.Nf3 d6 5.g3 Nc6 6.Bg2 e5 7.O-O a5 8.d5 Ne7
9.e4 Bd7 10.Ne1 b5 11.b3 Bc3 12.Rb1 b4 13.a4 h5 14.h4 Ng4 15.Ndf3 c6 16.Bb2 Bxb2
17.Rxb2 cxd5 18.exd5 O-O 19.Ng5 Qb6 20.Bf3 Rac8 21.Ng2 g6 22.Re1 Kg7 23.Rd2 Ng8
24.Qa1 N8f6 25.Ne3  1/2-1/2

[Event "Premier"]
[Site "Hastings ENG"]
[Date "2002.01.03"]
[Round "6"]
[White "Sasikiran,K"]
[Black "Wells,P"]
[Result "1-0"]
[WhiteElo "2569"]
[BlackElo "2517"]

1.d4 Nf6 2.Nf3 d5 3.c4 e6 4.Nc3 dxc4 5.e3 a6 6.a4 c5 7.Bxc4 Nc6 8.O-O Be7
9.Qe2 cxd4 10.Rd1 e5 11.exd4 exd4 12.Nxd4 Nxd4 13.Qe3 O-O 14.Rxd4 Qc7 15.Qe2 Bd6
16.g3 Re8 17.Qf1 Be5 18.Bf4 Qc5 19.Bxe5 Qxe5 20.Rad1 Bg4 21.f3 Be6 22.Kg2 Bxc4
23.Qxc4 Rac8 24.Qb4 h5 25.R1d2 Qe1 26.Rd1 Qe5 27.R4d2 Qc7 28.Rd6 Rcd8 29.Qd4 Rxd6
30.Qxd6 Qc4 31.Qd4 Qc6 32.h3 b5 33.axb5 axb5 34.g4 h4 35.g5 Nh7 36.Qxh4 Qg6
37.Rd5 b4 38.Ne4 f5 39.Ng3 Qc6 40.Rd2 Qc1 41.Nf1 Nf8 42.Qxb4 Ng6 43.h4 f4
44.Qb3+ Kh8 45.Qd3 Nxh4+ 46.Kh3 Nf5 47.Kg4 g6 48.Rh2+ Kg7 49.Qd7+ Re7 50.Qd8 Qxf1
51.Qh8+ Kf7 52.Qf6+ Ke8 53.Qxg6+ Rf7 54.Qc6+ Kf8 55.Rh8+ Kg7 56.Qc3+ Kg6
57.Rg8+ Ng7 58.Qc2+ Rf5 59.Qxf5+  1-0

[Event "39th BPCL ch-IND"]
[Site "Nagpur IND"]
[Date "2002.01.19"]
[Round "4"]
[White "Prasad,D"]
[Black "Sasikiran,K"]
[Result "0-1"]
[WhiteElo "2465"]
[BlackElo "2569"]

1.e4 c5 2.Nf3 d6 3.d4 cxd4 4.Nxd4 Nf6 5.Nc3 a6 6.Rg1 e5 7.Nb3 Be6 8.g4 d5
9.g5 Nxe4 10.Nxe4 dxe4 11.Qxd8+ Kxd8 12.Be3 Kc7 13.Bg2 h6 14.gxh6 g6 15.Bxe4 Nd7
16.O-O-O Bxh6 17.Rg3 Nf6 18.Bxh6 Nxe4 19.Bg7 Rh5 20.Re3 Nxf2 21.Rc3+ Kb6
22.Rd6+ Ka7 23.Nd4 Re8 24.Nxe6 Ne4 25.Rd7 Nxc3 26.Nc5 Kb6 27.Nxb7 Ne4 28.b4 Rc8
29.Nd8 Rc7 30.Rxc7 Kxc7 31.Nxf7 Rh7 32.Bxe5+ Kd7 33.Nh8 Ke6 34.Bd4 Kf5 35.a4 Nf6
36.Nxg6 Kxg6 37.b5 axb5 38.axb5 Nd7 39.Kb2 Kf5 40.Kb3 Ke4 41.Bg1 Rg7 42.Bf2 Rf7
43.Bg1 Rf1 44.Ba7 Ra1 45.Bf2 Rb1+ 46.Kc4 Rb2  0-1

[Event "39th BPCL ch-IND"]
[Site "Nagpur IND"]
[Date "2002.01.20"]
[Round "5"]
[White "Sasikiran,K"]
[Black "Ramesh,R"]
[Result "1/2-1/2"]
[WhiteElo "2569"]
[BlackElo "2480"]

1.Nf3 Nf6 2.c4 e6 3.Nc3 d5 4.d4 c6 5.Bg5 h6 6.Bh4 dxc4 7.e4 g5 8.Bg3 b5 9.Be2 Bb7
10.Ne5 Bg7 11.h4 Nbd7 12.hxg5 hxg5 13.Rxh8+ Bxh8 14.Qc2 Nxe5 15.Bxe5 Qa5
16.Kf1 O-O-O 17.Kg1 Nd7 18.Bxh8 Rxh8 19.Rd1 Qc7 20.g3 Kb8 21.b4 cxb3 22.Qxb3 a6
23.a4 Qd6 24.Bf3 f6 25.d5 Ne5 26.Bg2 b4 27.dxc6 Qxc6 28.Qxb4 Rc8 29.Ne2 Qc5
30.Qxc5 Rxc5 31.Nd4 Bc8 32.f4 gxf4 33.gxf4  1/2-1/2

[Event "39th BPCL ch-IND"]
[Site "Nagpur IND"]
[Date "2002.01.23"]
[Round "8"]
[White "Konguvel,P"]
[Black "Sasikiran,K"]
[Result "1/2-1/2"]
[WhiteElo "2404"]
[BlackElo "2569"]

1.e4 e5 2.Nf3 Nc6 3.Bb5 a6 4.Ba4 Nf6 5.O-O Be7 6.Re1 b5 7.Bb3 d6 8.c3 O-O
9.h3 Nb8 10.d4 Nbd7 11.Nbd2 Bb7 12.Bc2 Re8 13.Nf1 Bf8 14.Ng3 g6 15.a4 c6
16.Bg5 Bg7 17.Bd3 Nf8 18.Be3 Qc7 19.b4 Ne6 20.Qc2 Nd7 21.Rac1 bxa4 22.Qxa4 a5
23.b5 Reb8 24.bxc6 Bxc6 25.Qa2 Bb5 26.Bxb5 Rxb5 27.d5 Nec5 28.Rb1 Rab8 29.Nd2 a4
30.Ne2 Qa5 31.f3 Bf6 32.Kf1 Bd8 33.c4 R5b6 34.Rxb6 Rxb6 35.Rb1 Kf8 36.Qa3 Qxd2
37.Bxd2 Rxb1+ 38.Nc1 Ke8 39.Ke2 Nb3 40.Nxb3 axb3 41.Qxd6 b2 42.c5 Be7 43.Qa6 Re1+
44.Bxe1 b1=Q 45.Qc8+ Bd8 46.c6 Nb6 47.Qb8 f6 48.Kf1 Qc2 49.Kg1 Qc1 50.Kh2 h5
51.Ba5 Qf4+ 52.Kg1 Qc1+ 53.Kh2 Qf4+  1/2-1/2

[Event "39th BPCL ch-IND"]
[Site "Nagpur IND"]
[Date "2002.01.24"]
[Round "9"]
[White "Sasikiran,K"]
[Black "Mishra,N"]
[Result "1/2-1/2"]
[WhiteElo "2569"]
[BlackElo "2321"]

1.d4 Nf6 2.c4 e6 3.Nc3 Bb4 4.Qc2 O-O 5.a3 Bxc3+ 6.Qxc3 b6 7.Bg5 Bb7 8.e3 d6
9.f3 Nbd7 10.Nh3 e5 11.dxe5 Nxe5 12.Be2 Re8 13.O-O Qe7 14.e4 h6 15.Be3 Ng6
16.Rfe1 d5 17.cxd5 Nxd5 18.Qb3 Nxe3 19.Qxe3 c5 20.a4 Red8 21.a5 Rd4 22.Qc3 Rad8
23.axb6 axb6 24.Ra7 R8d7 25.Nf2 Qg5 26.Bf1 Ne5 27.g3 Qd2 28.Re3 Nc6 29.Ra1 Nb4
30.Re2 Qg5 31.Bh3 Rd8 32.Ra7 Ba6 33.Re1 Qe5 34.Ra1 Bb5 35.f4 Qe8 36.e5 Nd3
37.e6 fxe6 38.Nxd3 Bxd3 39.Re1 Bc4 40.f5 e5 41.f6 gxf6 42.Qf3 Qg6 43.Bf5 Qg5
44.Qb7 Rd1 45.Qh7+  1/2-1/2

[Event "39th BPCL ch-IND"]
[Site "Nagpur IND"]
[Date "2002.01.30"]
[Round "14"]
[White "Murali Krishnan,B"]
[Black "Sasikiran,K"]
[Result "0-1"]
[WhiteElo "2331"]
[BlackElo "2569"]

1.d4 Nf6 2.c4 e6 3.Nc3 Bb4 4.a3 Bxc3+ 5.bxc3 d6 6.f3 Nfd7 7.e4 Nc6 8.Bd3 b6
9.f4 Na5 10.Nf3 Ba6 11.Nd2 c5 12.Qe2 e5 13.O-O O-O 14.fxe5 cxd4 15.cxd4 dxe5
16.d5 Nc5 17.Bc2 Rc8 18.Bb2 f6 19.Bc3 Nab7 20.Bb4 Rf7 21.Rfc1 Nd6 22.a4 Rfc7
23.Ra3 Qd7 24.Rc3 Bb7 25.Rb1 Ba6 26.Rc1 Ncb7 27.Bb3 Nf7 28.Qe3 h6 29.h3 Nbd6
30.a5 Rb8 31.axb6 axb6 32.Bd1 Bc8 33.Rb1 Rcb7 34.Bg4 Qc7 35.Bxc8 Qxc8 36.Bxd6 Nxd6
37.Rbc1 Qc5 38.Nb3 Qxe3+ 39.Rxe3 Rc7 40.c5 bxc5 41.Nxc5 Rbc8 42.Rec3 Nb5
43.Rc4 Kf7 44.Kf2 Nd6  0-1

[Event "39th BPCL ch-IND"]
[Site "Nagpur IND"]
[Date "2002.01.31"]
[Round "15"]
[White "Sasikiran,K"]
[Black "Swathi,G"]
[Result "1-0"]
[WhiteElo "2569"]
[BlackElo "2362"]

1.e4 c5 2.Nf3 Nc6 3.Bb5 g6 4.Bxc6 bxc6 5.O-O Bg7 6.Re1 f6 7.c3 Nh6 8.d4 cxd4
9.cxd4 Nf7 10.Nc3 O-O 11.h3 e5 12.Be3 d6 13.Rc1 Bb7 14.b4 f5 15.dxe5 Nxe5
16.Nxe5 Bxe5 17.Bd4 Qf6 18.Bxe5 Qxe5 19.exf5 Qxf5 20.f3 Rad8 21.Ne4 Qf4 22.Qb3+ Rf7
23.Rcd1 h6 24.Nc5 Bc8 25.Ne6 Bxe6 26.Rxe6 Kh7 27.Qc2 Rg7 28.Qxc6 Qxb4 29.Rexd6 Rxd6
30.Qxd6 Qa5 31.Rd2 Qc3 32.Kh2 Qc4 33.a3 Qc3 34.Rd4 Qb2 35.Rc4 h5 36.Rc8 Rf7
37.Rc6 Rg7 38.f4 Qf2 39.Qf6 Qd2 40.Rc8 Qd5 41.Qf8 g5 42.Qh8+ Kg6 43.Qe8+ Rf7
44.Rd8 Qc4 45.Qg8+  1-0

[Event "39th BPCL ch-IND"]
[Site "Nagpur IND"]
[Date "2002.02.01"]
[Round "16"]
[White "Ganguly,S"]
[Black "Sasikiran,K"]
[Result "1/2-1/2"]
[WhiteElo "2498"]
[BlackElo "2569"]

1.e4 c5 2.Nf3 d6 3.d4 cxd4 4.Nxd4 Nf6 5.Nc3 a6 6.Be2 e5 7.Nb3 Be7 8.O-O O-O
9.Kh1 b6 10.Be3 Bb7 11.f3 b5 12.a4 b4 13.Nd5 Nxd5 14.exd5 Nd7 15.c3 bxc3
16.bxc3 Bg5 17.Bxg5 Qxg5 18.Na5 Nc5 19.Rb1 Bc8 20.Rb6 Bd7 21.Rxd6 Bxa4 22.Qb1 Rfb8
23.Rb6 Qd8 24.Rb4 Rc8 25.Nc4 Bb5 26.Re1 Bxc4 27.Bxc4 a5 28.Rb5 Nd7 29.Bd3 g6
30.c4 Qc7 31.Rb7 Qd6 32.Qb5 Rc7 33.Ra1 Rxb7 34.Qxb7 Rb8 35.Qc6 Qxc6 36.dxc6 Nc5
37.Bc2 Rc8 38.Rxa5  1/2-1/2

[Event "39th BPCL ch-IND"]
[Site "Nagpur IND"]
[Date "2002.02.02"]
[Round "17"]
[White "Sasikiran,K"]
[Black "Babu,NS"]
[Result "1-0"]
[WhiteElo "2569"]
[BlackElo "2386"]

1.d4 Nf6 2.c4 e6 3.Nc3 Bb4 4.e3 O-O 5.Bd3 d5 6.a3 Bxc3+ 7.bxc3 c5 8.cxd5 exd5
9.Ne2 b6 10.O-O Re8 11.f3 Bb7 12.Ra2 Nh5 13.g4 Nf6 14.Ng3 Ba6 15.Bxa6 Nxa6
16.g5 Nd7 17.e4 Nc7 18.e5 Nxe5 19.dxe5 Rxe5 20.f4 Re8 21.f5 d4 22.cxd4 Qxd4+
23.Qxd4 cxd4 24.Rd2 Rad8 25.Bb2 Nb5 26.Rc1 d3 27.Rcd1  1-0

[Event "39th BPCL ch-IND"]
[Site "Nagpur IND"]
[Date "2002.02.04"]
[Round "19"]
[White "Sasikiran,K"]
[Black "Koshy,V"]
[Result "1-0"]
[WhiteElo "2569"]
[BlackElo "2347"]

1.d4 d6 2.e4 g6 3.Nc3 Bg7 4.Be3 c6 5.Qd2 Nd7 6.f3 b5 7.h4 h5 8.Nh3 Ngf6 9.Ng5 Qa5
10.a3 Bb7 11.Be2 a6 12.O-O Qc7 13.a4 O-O 14.Nd1 Rad8 15.Nf2 e5 16.dxe5 Nxe5
17.f4 Nc4 18.Bxc4 bxc4 19.Qb4 a5 20.Qxc4 d5 21.exd5 Nxd5 22.Bc5 Rfe8 23.Nfe4 Bc8
24.Rae1 f6 25.Nf3 Be6 26.Qa6 Bc8 27.Qa7 Qxa7 28.Bxa7 Bf5 29.Ng3 Bxc2 30.f5 Kh7
31.Nd4 Bxa4 32.Ra1 Bb5 33.Nxb5 cxb5 34.Rxa5 b4 35.Rb5 Rd7 36.Bc5 Bf8 37.Bxf8 Rxf8
38.Rd1 Rfd8 39.Ne4 Kg7 40.Nc5  1-0

[Event "13th Goodricke"]
[Site "Calcutta IND"]
[Date "2002.03.17"]
[Round "1"]
[White "Roy Chowdhury,S"]
[Black "Sasikiran,K"]
[Result "0-1"]
[WhiteElo "2358"]
[BlackElo "2569"]

1.e4 c5 2.Nc3 d6 3.g3 Nc6 4.Bg2 g6 5.d3 Bg7 6.Nf3 e5 7.Nd5 Nge7 8.Bg5 h6
9.Bxe7 Nxe7 10.Nxe7 Qxe7 11.O-O O-O 12.Nd2 Be6 13.c4 Rab8 14.Qe2 b5 15.b3 Qd7
16.Nb1 b4 17.Nd2 h5 18.Rfe1 Bh6 19.Nf1 a5 20.a4 bxa3 21.Rxa3 Rb4 22.Qa2 Rfb8
23.Bf3 Bg4 24.Bxg4 Qxg4 25.Rxa5 h4 26.Ra6 Rxb3 27.Ra8 Kg7 28.Rxb8 Rxb8 29.Qc2 h3
30.Qd1 Qxd1 31.Rxd1 Kf6 32.Ra1 Rb3 33.Rd1 Ke6 34.Kh1 f5 35.exf5+ Kxf5 36.Kg1 Kg4
37.Re1 Rxd3 38.Re4+ Kf3 39.Rh4 Bg5 40.Rxh3 Rd1  0-1

[Event "13th Goodricke"]
[Site "Calcutta IND"]
[Date "2002.03.26"]
[Round "10"]
[White "Sermek,D"]
[Black "Sasikiran,K"]
[Result "1/2-1/2"]
[WhiteElo "2595"]
[BlackElo "2569"]

1.e4 e5 2.Nf3 Nc6 3.Bc4 Bc5 4.c3 Nf6 5.d3 d6 6.Bb3 a6 7.h3 h6 8.Nbd2 Ba7
9.Nf1 Ne7 10.Ng3 Ng6 11.O-O O-O 12.Re1 Re8 13.d4 b5 14.a4  1/2-1/2

[Event "Open"]
[Site "Dubai UAE"]
[Date "2002.04.15"]
[Round "1"]
[White "Sasikiran,K"]
[Black "Asylguzhin,R"]
[Result "1-0"]
[WhiteElo "2569"]
[BlackElo "2383"]

1.Nf3 d6 2.d4 Nd7 3.c4 e5 4.Nc3 g6 5.e4 Bg7 6.Be2 c6 7.O-O Qe7 8.Rb1 Nh6
9.b4 O-O 10.d5 c5 11.a3 f6 12.Nb5 b6 13.Nc7 Rb8 14.Ne6 Re8 15.Nc7 Rf8 16.Ne6 Re8
17.Nh4 Rb7 18.Rb3 Nf8 19.Nxg7 Kxg7 20.g3 g5 21.Ng2 Ng6 22.h4 Rg8 23.h5 Nh8
24.f4 N8f7 25.fxg5 Nxg5 26.Bxg5 fxg5 27.Qd2 Rf8 28.Rxf8 Kxf8 29.b5 Kg7 30.a4 Ng8
31.g4 h6 32.Ne3 Nf6 33.Bf3 Qf8 34.Kg2 Rf7 35.Qe2 Qd8 36.Ra3 Qc7 37.Qe1 Ne8
38.a5 Kh7 39.Qa1 Ng7 40.Nf5 Nxf5 41.exf5 Kg7 42.f6+ Kxf6 43.axb6 axb6 44.Be4 Bxg4
45.Bg6 Re7 46.Ra8 Kg7 47.Qf1 Bc8 48.Bf5 Re8 49.Qa1 Kh8 50.Bxc8 Rxc8 51.Ra7 Qd8
52.Qf1 Rc7 53.Rxc7 Qxc7 54.Qf8+ Kh7 55.Qf5+ Kh8 56.Qf6+ Kg8 57.Qg6+ Kh8 58.Qxh6+ Qh7
59.Qf8+ Qg8 60.Qxd6 Qe8 61.Qh6+ Kg8 62.Qg6+ Kh8 63.Qf6+  1-0

[Event "Open"]
[Site "Dubai UAE"]
[Date "2002.04.17"]
[Round "3"]
[White "Sasikiran,K"]
[Black "Sturua,Z"]
[Result "1/2-1/2"]
[WhiteElo "2569"]
[BlackElo "2565"]

1.Nf3 d5 2.d4 Nf6 3.c4 c6 4.Nc3 dxc4 5.a4 Bf5 6.Ne5 Nbd7 7.Nxc4 Qc7 8.g3 e5
9.dxe5 Nxe5 10.Bf4 Nfd7 11.Bg2 g5 12.Ne3 gxf4 13.Nxf5 O-O-O 14.Qc2 Nc5 15.O-O fxg3
16.hxg3 a5 17.Rad1 h5 18.Rxd8+ Qxd8 19.Rd1 Qc7 20.Ne4 Nxe4 21.Qxe4 Bb4 22.Qh4 Kb8
23.Qf6 Rg8 24.Qh6 Ng4 25.Qxh5 Qe5 26.Bh3 Qxe2 27.Bxg4 Qxg4 28.Qxg4 Rxg4 29.f4 Kc7
30.Kg2 Rg8 31.Nh6 Rg7 32.Kf3 Rh7 33.Ng4 Be7 34.Re1 Kd8 35.Re5 Bb4 36.Rg5 Ke7
37.Rg8 Bd6 38.Ra8 b6 39.Ra7+ Ke6 40.Rb7 Bc5 41.Ne5 Rh2 42.Nxf7 Rxb2 43.Nd8+ Kd6
44.Rg7 Rb3+ 45.Ke4 Rb4+ 46.Kf5 Rxa4 47.Nb7+ Kd5 48.Rd7+ Kc4 49.Kg6 b5 50.g4 Ra1
51.g5 Kb4  1/2-1/2

[Event "Open"]
[Site "Dubai UAE"]
[Date "2002.04.23"]
[Round "7"]
[White "Sveshnikov,E"]
[Black "Sasikiran,K"]
[Result "0-1"]
[WhiteElo "2565"]
[BlackElo "2569"]

1.e4 c6 2.d4 d5 3.exd5 cxd5 4.c4 Nf6 5.Nc3 e6 6.Nf3 Bb4 7.cxd5 Nxd5 8.Qc2 Qc7
9.Bd2 Nd7 10.Bd3 Bxc3 11.bxc3 N5f6 12.O-O b6 13.Rae1 Bb7 14.Ne5 Nxe5 15.Rxe5 O-O
16.Rfe1 Rfc8 17.R5e3 a5 18.Rh3 h6 19.Qc1 Kf8 20.c4 Qd6 21.Bc3 b5 22.Bb2 Bd5
23.Rxh6 gxh6 24.Qxh6+ Ke7 25.cxd5 Rh8 26.Qg5 Qxh2+ 27.Kf1 Rag8 28.d6+ Qxd6
29.Qe5 Rh1+ 30.Ke2 Rxe1+ 31.Kxe1 Qb4+ 32.Kf1 Nd5 33.Bc1 Qc3 34.Bg5+ f6 35.Bf5 Qa1+
36.Ke2 Qxa2+ 37.Ke1 Qa1+ 38.Ke2 Qb2+ 39.Kf1 Qc1+ 40.Ke2 Qc6 41.Bh4 Kf7  0-1

[Event "Tan Chin Nam Cup"]
[Site "Qingdao CHN"]
[Date "2002.07.04"]
[Round "2"]
[White "Ganguly,S"]
[Black "Sasikiran,K"]
[Result "0-1"]
[WhiteElo "2524"]
[BlackElo "2650"]

1.e4 c5 2.Nf3 d6 3.d4 cxd4 4.Nxd4 Nf6 5.Nc3 a6 6.Be2 e5 7.Nb3 Be7 8.O-O O-O
9.Kh1 b6 10.Be3 Bb7 11.f3 b5 12.Qd2 Nbd7 13.Rfd1 Rc8 14.a4 b4 15.Nd5 Nxd5
16.exd5 Nf6 17.Qxb4 Nxd5 18.Qxb7 Nxe3 19.Rd2 Nxc2 20.Rc1 Rb8 21.Qe4 Nb4 22.Rcd1 Kh8
23.Bc4 f5 24.Qe2 Qe8 25.a5 d5 26.Bxd5 Bg5 27.Bc4 Bxd2 28.Rxd2 Qc6 29.h3 Rbc8
30.Bd3 Nxd3 31.Qxd3 e4 32.Qe3 exf3 33.Qxf3 Qxf3 34.gxf3 Rfd8 35.Re2 g6 36.Kg2 Rd3
37.Na1 Rb8  0-1

[Event "Olympiad"]
[Site "Bled SLO"]
[Date "2002.10.30"]
[Round "5"]
[White "Sasikiran,K"]
[Black "Rozentalis,E"]
[Result "0-1"]
[WhiteElo "2670"]
[BlackElo "2563"]

1.Nf3 Nf6 2.c4 e6 3.Nc3 Bb4 4.Qc2 O-O 5.a3 Bxc3 6.Qxc3 b6 7.e3 Bb7 8.Be2 d6
9.O-O c5 10.b4 Nbd7 11.Bb2 e5 12.d4 exd4 13.exd4 Re8 14.Rae1 cxd4 15.Qxd4 Ne5
16.Nxe5 dxe5 17.Qxd8 Raxd8 18.Rd1 Rc8 19.Rd6 Ba6 20.Rc1 Rc7 21.f3 Kf8 22.b5 Bc8
23.a4 Nd7 24.Ba3 Nc5 25.a5 Re6 26.Rcd1 Ke7 27.axb6 axb6 28.Rxb6 Rxb6 29.Rd5 Ke6
30.Rxc5 Rxc5 31.Bxc5 Rb8 32.Kf2 Ra8 33.Ke3 f5 34.g3 g5 35.Bb4 Ra2 36.Bd1 Rxh2
37.Kd3 Bb7 38.c5 Bxf3 39.Bb3+ Kd7 40.Ba4 Ra2 41.c6+ Kc7 42.Bb3 Ra8 43.Be6 Kb6
44.Kc4 Be2+ 45.Kd5 Kxb5 46.Be7 Bc4+ 47.Kxe5 Bxe6 48.Kxe6 Kxc6 49.Bxg5 Ra5
50.Bf4 Rd5 51.Be5 Rd8 52.Kxf5 Kd5 53.g4 Rf8+ 54.Bf6 Rg8 55.g5 Rg6 56.Bc3 Kd6
57.Bf6 Kd7 58.Be5 Ke7 59.Bf6+ Kf7 60.Be5 Rb6 61.Bf6 Rb5+ 62.Be5 Ra5 63.Ke4 Kg6
64.Bf4 Ra4+ 65.Ke5 Rc4 66.Be3 Rg4 67.Bd2 Rxg5+ 68.Kf4 h5 69.Be1 Rg4+ 70.Kf3 Kf5
71.Bg3 h4 72.Bh2 h3 73.Bg3 Rg8 74.Bf4 Rg2 75.Be3 Ke5  0-1

[Event "Olympiad"]
[Site "Bled SLO"]
[Date "2002.10.31"]
[Round "6"]
[White "Zambrana,O"]
[Black "Sasikiran,K"]
[Result "0-1"]
[WhiteElo "2389"]
[BlackElo "2670"]

1.e4 c6 2.d4 d5 3.e5 Bf5 4.Nc3 e6 5.g4 Bg6 6.Nge2 Ne7 7.h4 h5 8.Nf4 Nd7 9.Nxg6 Nxg6
10.Bg5 Be7 11.gxh5 Nxh4 12.Bxh4 Bxh4 13.Qg4 g5 14.hxg6 Bxf2+ 15.Kxf2 Rxh1
16.g7 Ke7 17.Kg2 Rh7 18.Bd3 f5 19.exf6+ Nxf6 20.Bxh7 Nxg4 21.g8=Q Qxg8 22.Bxg8 Rxg8
23.Kf3 e5 24.dxe5 Nxe5+ 25.Kf2 Rh8 26.Kg3 Kd6 27.a4 Nc4 28.b3 Ne3 29.Rc1 Nf5+
30.Kf4 Nd4 31.Kg3 a5 32.Kg2 Kc5 33.Nb1 Re8 34.Kf1 Kb4 35.c3+ Kxb3 36.cxd4 Kb2
37.Rc5 Kxb1 38.Rxa5 Kc2 39.Ra7 Rb8 40.a5 Kd3 41.a6 bxa6 42.Rxa6 Rb1+  0-1

[Event "Olympiad"]
[Site "Bled SLO"]
[Date "2002.11.01"]
[Round "7"]
[White "Sasikiran,K"]
[Black "Torre,E"]
[Result "1-0"]
[WhiteElo "2670"]
[BlackElo "2523"]

1.d4 d6 2.Nf3 Bg4 3.c4 Nd7 4.Nc3 e5 5.g3 Ngf6 6.Bg2 Be7 7.h3 Bh5 8.Nh4 c6
9.Nf5 O-O 10.O-O Re8 11.d5 c5 12.Qb3 Nb6 13.e4 Bg6 14.Ne3 Rb8 15.Qc2 Na8
16.h4 Nc7 17.a4 Na6 18.Qe2 Nb4 19.Kh2 h6 20.Bd2 Bh5 21.f3 Bg6 22.Bh3 Nh5
23.Be1 a6 24.Rg1 Kh8 25.Rd1 Rg8 26.Rd2 Qc7 27.Qf1 Rbe8 28.Bf5 Qd8 29.Qh3 Nf6
30.g4 Bh7 31.Bxh7 Nxh7 32.Kh1 Nf8 33.g5 h5 34.Nf5 g6 35.Nh6 Rg7 36.Ne2 Nd7
37.Ng3 Bf8 38.Nhf5 Rh7 39.Qf1 f6 40.Rh2 Be7 41.Bc3 fxg5 42.hxg5 Bxg5 43.Nxd6 Rf8
44.Nxb7 Qb6 45.Nf5 Bf4 46.Nfd6 Rf6 47.a5 Qc7 48.Ne8 Qxb7 49.Nxf6 Nxf6 50.Rxg6 Qf7
51.Rhg2 Nc2 52.Qg1 Ng4 53.Re6 Nce3 54.Rg3 Nd1 55.Be1 Be3 56.Qg2 Ndf2+ 57.Kg1 Nxe4+
58.Kf1 Nxg3+ 59.Qxg3 Bd4 60.Ke2 Ne3 61.Qh4 Nf5 62.Qd8+ Kg7 63.Qg5+ Kh8 64.Rf6 Qe7
65.Qxf5 e4 66.Re6 exf3+ 67.Qxf3 Qf7 68.Qxf7 Rxf7 69.Rxa6 Kg7 70.Rb6 Bf6 71.a6  1-0

[Event "Olympiad"]
[Site "Bled SLO"]
[Date "2002.11.02"]
[Round "8"]
[White "Sasikiran,K"]
[Black "Kaidanov,G"]
[Result "1-0"]
[WhiteElo "2670"]
[BlackElo "2646"]

1.d4 d5 2.c4 e6 3.Nc3 Be7 4.Nf3 Nf6 5.Bg5 O-O 6.e3 Nbd7 7.Rc1 c6 8.Qc2 a6
9.a3 Re8 10.h3 dxc4 11.Bxc4 c5 12.dxc5 Nxc5 13.Rd1 Ncd7 14.O-O Qc7 15.Ba2 b5
16.Bf4 Qb6 17.e4 Bb7 18.e5 Nh5 19.Be3 Qc6 20.Bb1 f5 21.exf6 Nhxf6 22.Bg5 Nf8
23.Rfe1 Rad8 24.Rxd8 Rxd8 25.Qe2 b4 26.axb4 Bxb4 27.Rc1 Bxc3 28.Rxc3 Qb5
29.Bd3 Bxf3 30.Bxb5 Bxe2 31.Bxe2 a5 32.Ra3 Rd5 33.Be3 N8d7 34.Bc4 Re5 35.b3 Kf7
36.Bd2 Ne4 37.Bxa5 Nd6 38.Bf1 Nb5 39.Ra4 Rd5 40.Ra1 Nd4 41.Bc4 Nc2 42.Ra2 Rd1+
43.Kh2 Nd4 44.Bc3 Ne5 45.Be2 Nxe2 46.Bxe5 Nc1 47.Ra7+ Kg6 48.g4 Nd3 49.Rxg7+ Kh6
50.Rd7 Kg6 51.b4 Rd2 52.Bc3 Rd1 53.b5 e5 54.Bxe5  1-0

[Event "ch-IND"]
[Site "Mumbai IND"]
[Date "2003.01.18"]
[Round "1"]
[White "Sasikiran,K"]
[Black "Satyapragyan,S"]
[Result "1-0"]
[WhiteElo "2664"]
[BlackElo "2438"]

1.Nf3 Nf6 2.c4 e6 3.Nc3 Bb4 4.Qc2 O-O 5.a3 Bxc3 6.Qxc3 d6 7.e3 e5 8.Be2 Nc6
9.b4 Re8 10.Bb2 Bg4 11.d3 Qd7 12.h3 Bxf3 13.Bxf3 Qf5 14.O-O Qg6 15.Rad1 Nd8
16.Rde1 Rb8 17.Bd1 Nh5 18.Kh2 f5 19.f4 Nf7 20.Bxh5 Qxh5 21.e4 fxe4 22.Rxe4 Nh6
23.fxe5 Rxe5 24.c5 Rbe8 25.cxd6 cxd6 26.Qb3+ d5 27.Bxe5 Rxe5 28.Ref4 Re8
29.Kg1 Qe5 30.Re4  1-0